[Event "Moscow op-F 14th"]
[Site "Moscow"]
[Date "2018.01.27"]
[Round "2"]
[White "Gorovenko, Darya"]
[Black "Kezin, Roman"]
[Result "0-1"]
[WhiteElo "2098"]
[BlackElo "2450"]
[PlyCount "104"]
[EventDate "2018.01.26"]
[EventType "swiss"]
[EventRounds "9"]
[EventCountry "RUS"]
[SourceTitle "CBM 182 Extra"]
[Source "ChessBase"]
[SourceDate "2018.02.23"]
[SourceVersion "1"]
[SourceVersionDate "2018.02.23"]
[SourceQuality "1"]

1. d4 d5 2. Nf3 Nf6 3. c4 e6 4. Nc3 c6 5. Bg5 dxc4 6. e4 b5 7. e5 h6 8. Bh4 g5 9. Nxg5 hxg5 10. Bxg5 Nbd7 11. exf6 Bb7 12. g3 c5 13. d5 Nxf6 14. Bg2 Be7 15. 0-0 Nxd5 16. Bxe7 Kxe7 17. Qe1 Rh5 18. Rd1 Qd7 19. f4 b4 20. Nxd5+ Rxd5 21. Bxd5 Bxd5 22. f5 Kd6 23. fxe6 fxe6 24. Rf6 Kc6 25. Qf1 Rg8 26. b3 c3 27. Qa6+ Kc7 28. Rdf1 Kb8 29. Rf8+ Rxf8 30. Rxf8+ Kc7 31. Qxa7+ Kc6 32. Qa6+ Kc7 33. Qa5+ Kc6 34. Rd8 Qb7 35. Rf8 c2 36. Rf1 c4 37. bxc4 Bxc4 38. Rc1 Bd3 39. h4 Qg7 40. Qa8+ Kb5 41. Qb8+ Kc4 42. Qf4+ Kc3 43. Kf2 Kb2 44. Re1 Qc3 45. h5 Qxe1+ 46. Kxe1 c1Q+ 47. Qxc1+ Kxc1 48. g4 Kb2 49. Kd2 Bb1 50. g5 Kxa2 51. g6 b3 52. g7 Bh7 0-1

[Event "RUS-ch Higher League (Women) 67th"]
[Site "Sochi"]
[Date "2017.07.11"]
[Round "9"]
[White "Grigorian, Marine"]
[Black "Gorovenko, Darya"]
[Result "1-0"]
[WhiteElo "2181"]
[BlackElo "2072"]
[PlyCount "53"]
[EventDate "2017.07.02"]
[EventType "swiss"]
[EventRounds "9"]
[EventCountry "RUS"]
[SourceTitle "CBM 179 Extra"]
[Source "ChessBase"]
[SourceDate "2017.08.23"]
[SourceVersion "1"]
[SourceVersionDate "2017.08.23"]
[SourceQuality "1"]

1. d4 Nf6 2. c4 g6 3. Nc3 d5 4. cxd5 Nxd5 5. e4 Nxc3 6. bxc3 Bg7 7. Nf3 c5 8. Be3 0-0 9. Be2 Nc6 10. 0-0 Qa5 11. d5 Ne5 12. Nd2 c4 13. Bd4 Qc7 14. f4 Nd3 15. Bxd3 cxd3 16. Qf3 Bxd4+ 17. cxd4 Qc2 18. Rf2 b6 19. Nb3 Qc4 20. Rc1 Qb5 21. Rc7 a5 22. f5 Ba6 23. h3 Qb4 24. e5 Rad8 25. f6 Rde8 26. e6 exf6 27. Qxf6 1-0